Úvod k recenzovanému zborníku vedeckých prác

Salvato in:
Dettagli Bibliografici
Autore principale: Tóth, Miroslav, 1961-
Natura: Capitolo di libro
Lingua:slovacco
Tags: Aggiungi Tag
Nessun Tag, puoi essere il primo ad aggiungerne!!

MARC

LEADER 00000naa$a2200000$$$4500
001 0209886
005 20240502073507.6
041 0 |a slo 
044 |a SK 
245 1 0 |a Úvod k recenzovanému zborníku vedeckých prác  |c Miroslav Tóth 
100 1 |a Tóth, Miroslav, 1961-